| 000 | 00480nam a2200169 a 4500 | ||
|---|---|---|---|
| 001 | 2748 | ||
| 003 | CDMR | ||
| 005 | 20130403135401.0 | ||
| 008 | 130130s1967||||||||||||||||||||||||||||d | ||
| 040 |
_aCDMR _bcat _cCDMR |
||
| 100 | 1 |
_aAleman Sainz, Francisco _92068 |
|
| 245 | 1 | 0 |
_aMartínez Tornel _cFrancisco Alemán Sainz _b: periodista de un tiempo |
| 260 |
_aMurcia _c1967 _bHijos de Antonio Zamora |
||
| 300 |
_a106 p ; _c22 cm |
||
| 650 | 0 | 4 |
_92070 _aPremsa _zMúrcia |
| 942 |
_cMON _2udc |
||
| 999 |
_c2748 _d2748 |
||